| 000 | 00458nam a2200181Ia 4500 | ||
|---|---|---|---|
| 008 | 090124s9999 xx 000 0 und d | ||
| 082 | _b9614 | ||
| 100 | _aMANGEOT SYLVAIN | ||
| 245 | _aTHE ADVENTURES OF A MANCHURIAN | ||
| 250 | _a1 | ||
| 260 |
_bCOLLINS _c1974 |
||
| 300 | _a281 | ||
| 600 | _aMANGEOT SYLVAIN | ||
| 630 | _aTHE ADVENTURES OF A MANCHURIAN | ||
| 700 | _aMANGEOT SYLVAIN | ||
| 730 | _aTHE ADVENTURES OF A MANCHURIAN | ||
| 942 | _cBOOK | ||
| 999 |
_c86023 _d86023 |
||